[Event "SD-2020-0-00311"]
[Site "LSS email"]
[Date "2020.07.15"]
[Round "?"]
[White "Feix, Torsten"]
[Black "Nowak, Andrzej"]
[Result "1-0"]
[WhiteElo "1592"]
[BlackElo "1513"]
[PlyCount "121"]
[EventDate "2020.01.27"]
[EventType "tourn (corr)"]
[EventRounds "6"]
[EventCountry "GER"]
[SourceTitle "Corr 2022"]
[Source "ChessBase"]
[SourceDate "2021.10.24"]
[SourceVersion "1"]
[SourceVersionDate "2021.10.24"]
[SourceQuality "1"]

1. e4 c5 2. Nf3 d6 3. d4 cxd4 4. Nxd4 Nf6 5. Nc3 a6 6. Bg5 Nbd7 7. Be2 e6 8. 0-0 h6 9. Be3 b5 10. a4 b4 11. Na2 Bb7 12. Nxb4 Qc7 13. c3 Nxe4 14. Rc1 Be7 15. f3 Nec5 16. Nd3 Nb6 17. c4 Ncxa4 18. Qd2 0-0 19. Rfd1 Rfc8 20. Nf2 a5 21. Nb5 Qb8 22. Bxh6 Ba6 23. Ng4 Nd7 24. Bf4 Qb6+ 25. Be3 Ndc5 26. Rb1 Bxb5 27. cxb5 Qd8 28. Qe1 Nb6 29. Qg3 d5 30. Bd4 f6 31. Qh3 Nbd7 32. f4 Bd6 33. f5 Qe7 34. Ne3 Ne5 35. Bh5 Ne4 36. fxe6 Ng5 37. Qf5 Rc5 38. b6 Rb8 39. Kh1 Qxe6 40. Qxe6+ Nxe6 41. Bxc5 Nxc5 42. Nxd5 Ncd3 43. Rd2 Bc5 44. h3 Bxb6 45. Nxb6 Rxb6 46. Be2 Nf4 47. Bd1 Nfd3 48. Kh2 Kf7 49. b3 Nb4 50. Rc1 Nbc6 51. Rc5 Ke6 52. Be2 Rb4 53. Bc4+ Ke7 54. Bd5 Rb6 55. g4 g5 56. Be4 Ra6 57. Rb5 Ra7 58. Rb6 a4 59. Bxc6 axb3 60. Bd5 Rd7 61. Kg3 1-0

[Event "SD-2020-0-00311"]
[Site "LSS email"]
[Date "2020.07.14"]
[Round "?"]
[White "Feix, Torsten"]
[Black "Gulbis, Harijs"]
[Result "1/2-1/2"]
[WhiteElo "1592"]
[BlackElo "1569"]
[PlyCount "81"]
[EventDate "2020.01.27"]
[EventType "tourn (corr)"]
[EventRounds "6"]
[EventCountry "GER"]
[SourceTitle "Corr 2022"]
[Source "ChessBase"]
[SourceDate "2021.10.24"]
[SourceVersion "1"]
[SourceVersionDate "2021.10.24"]
[SourceQuality "1"]

1. e4 e5 2. Nf3 Nc6 3. Bb5 a6 4. Bxc6 dxc6 5. 0-0 Be6 6. d4 exd4 7. Nxd4 Qd7 8. Nxe6 Qxe6 9. Bf4 Bd6 10. Bxd6 cxd6 11. Nc3 Nf6 12. Qd4 0-0 13. Rad1 Rad8 14. Rfe1 Rfe8 15. a4 b5 16. f3 Qc8 17. axb5 axb5 18. b4 h6 19. Re3 c5 20. Qd3 cxb4 21. Nxb5 Qc5 22. Nd4 Rc8 23. Qd2 Re5 24. Nb3 Qb6 25. Qd4 Qxd4 26. Rxd4 d5 27. Re2 dxe4 28. Rxb4 e3 29. c4 g6 30. Kf1 Rd8 31. Re1 Kg7 32. Ke2 Rh5 33. Rh1 Ra8 34. Kxe3 Ra2 35. Rb5 Rh4 36. Nd2 Ra3+ 37. Kf2 Ra2 38. Ke3 Nh5 39. Rbb1 Ra3+ 40. Kf2 Rd4 41. Rb2 1/2-1/2

[Event "SC-2020-0-00391"]
[Site "LSS email"]
[Date "2020.07.11"]
[Round "?"]
[White "Henke, Simon"]
[Black "Feix, Torsten"]
[Result "1/2-1/2"]
[WhiteElo "1656"]
[BlackElo "1637"]
[PlyCount "126"]
[EventDate "2020.03.15"]
[EventType "tourn (corr)"]
[EventRounds "6"]
[EventCountry "GER"]
[SourceTitle "Corr 2024"]
[Source "ChessBase"]
[SourceDate "2023.10.19"]
[SourceVersion "1"]
[SourceVersionDate "2023.10.19"]
[SourceQuality "1"]

1. e4 c5 2. Nf3 d6 3. Bb5+ Bd7 4. Bxd7+ Nxd7 5. 0-0 e6 6. Qe2 Be7 7. d4 cxd4 8. Nxd4 a6 9. c4 Qc7 10. Be3 Ngf6 11. Nc3 Ne5 12. b3 b5 13. Rac1 bxc4 14. Na4 Qb7 15. f4 Neg4 16. Rxc4 Qxe4 17. Nc2 Qb7 18. Rb4 Qc6 19. Rc4 Qb5 20. Bb6 0-0 21. Nd4 Qe8 22. Bc7 d5 23. Rc6 Ba3 24. h3 Nh6 25. Qc2 Ne4 26. Kh2 g6 27. g4 Qe7 28. Kg2 Qh4 29. Rf3 Be7 30. Nb6 Ra7 31. Nd7 Re8 32. Ne2 Bb4 33. Ng3 f5 34. g5 Ng4 35. Nf1 Re7 36. Ba5 Rexd7 37. Bxb4 h6 38. Rxe6 Kh7 39. Ng3 Rac7 40. Rc6 Ne3+ 41. Rxe3 Qxf4 42. Nxe4 dxe4 43. Rxc7 Rxc7 44. Qd2 Qxg5+ 45. Kh1 Qf6 46. Rc3 Rg7 47. Rc8 Qh4 48. Qd8 Qxd8 49. Rxd8 Rc7 50. Rd6 f4 51. a4 Rc1+ 52. Kg2 g5 53. Rxa6 f3+ 54. Kf2 Rc2+ 55. Kf1 e3 56. Re6 Rf2+ 57. Ke1 Re2+ 58. Kd1 Rb2 59. Rxe3 f2 60. Rf3 Rxb3 61. Rxf2 Rb1+ 62. Ke2 Rxb4 63. Kf3 Rxa4 1/2-1/2

[Event "SC-2020-0-00391"]
[Site "LSS email"]
[Date "2020.07.07"]
[Round "?"]
[White "Feix, Torsten"]
[Black "Grillo, Roberto"]
[Result "0-1"]
[WhiteElo "1637"]
[BlackElo "1780"]
[PlyCount "124"]
[EventDate "2020.03.15"]
[EventType "tourn (corr)"]
[EventRounds "6"]
[EventCountry "GER"]
[SourceTitle "Corr 2024"]
[Source "ChessBase"]
[SourceDate "2023.10.19"]
[SourceVersion "1"]
[SourceVersionDate "2023.10.19"]
[SourceQuality "1"]

1. e4 c5 2. Nf3 Nc6 3. Bb5 g6 4. 0-0 Bg7 5. Nc3 e5 6. d3 Nge7 7. Be3 d6 8. Bc4 0-0 9. a4 Nd4 10. Bg5 Ne6 11. Bh4 f6 12. Qd2 Kh8 13. Rfe1 b6 14. Bg3 Rb8 15. h4 f5 16. h5 Nd4 17. Nxd4 cxd4 18. Ne2 f4 19. Bh4 Bf6 20. Bxf6+ Rxf6 21. f3 gxh5 22. Kf2 d5 23. Bb3 h4 24. Rh1 dxe4 25. dxe4 Ng6 26. Bd5 Rd6 27. c3 dxc3 28. Qxc3 Bd7 29. Qb4 Qe7 30. Nc3 Rc8 31. Rac1 a6 32. Qa3 Rd8 33. Ke2 Bc8 34. Rc2 Qg5 35. Kd1 h3 36. gxh3 Nh4 37. Kc1 Nxf3 38. Ne2 Nh4 39. Nc3 Ng6 40. Kb1 Ne7 41. h4 Qg3 42. Bc4 f3 43. b3 Bh3 44. Qc1 Bg2 45. Qe1 Qxe1+ 46. Rxe1 Nc6 47. Rf2 Rd2 48. Rxd2 Rxd2 49. Kc1 Rd6 50. Nd1 Nd4 51. Bxa6 Nxb3+ 52. Kc2 Nc5 53. Bb5 Kg7 54. Nf2 Kh6 55. Be8 Rd8 56. Ng4+ Kg7 57. Bb5 Kg6 58. Nxe5+ Kh5 59. Nxf3 Bxf3 60. e5 Bd5 61. Kc3 Be6 62. Rb1 Kg4 0-1

[Event "SD-2019-0-00306"]
[Site "LSS email"]
[Date "2019.12.23"]
[Round "?"]
[White "Feix, Torsten"]
[Black "Csaba, Fodor"]
[Result "1/2-1/2"]
[WhiteElo "1400"]
[BlackElo "1376"]
[PlyCount "57"]
[EventDate "2019.07.29"]
[EventType "tourn (corr)"]
[EventRounds "6"]
[EventCountry "GER"]
[SourceTitle "Corr 2022"]
[Source "ChessBase"]
[SourceDate "2021.10.24"]
[SourceVersion "1"]
[SourceVersionDate "2021.10.24"]
[SourceQuality "1"]

1. e4 c5 2. Nc3 d6 3. Nf3 Nf6 4. d4 cxd4 5. Nxd4 a6 6. Be2 e5 7. Nb3 Be7 8. 0-0 0-0 9. Re1 Be6 10. Be3 Nbd7 11. a4 h6 12. Nd2 d5 13. exd5 Nxd5 14. Nxd5 Bxd5 15. Nc4 Be6 16. a5 f5 17. c3 Qc8 18. Nd6 Qc6 19. Bc4 Bxc4 20. Nxc4 e4 21. Nb6 Nxb6 22. Bxb6 Bd8 23. Bd4 Bf6 24. Qb3+ Kh7 25. Rad1 Rae8 26. Qb4 Bd8 27. Qc5 Qe6 28. f3 Bh4 29. Re2 1/2-1/2

[Event "OP-2019-0-04899"]
[Site "LSS email"]
[Date "2019.12.23"]
[Round "?"]
[White "Feix, Torsten"]
[Black "Tyutyunnik, Roman"]
[Result "1/2-1/2"]
[WhiteElo "1638"]
[BlackElo "2198"]
[PlyCount "64"]
[EventDate "2019.12.17"]
[EventType "tourn (corr)"]
[EventRounds "4"]
[EventCountry "GER"]
[SourceTitle "Corr 2022"]
[Source "ChessBase"]
[SourceDate "2021.10.24"]
[SourceVersion "1"]
[SourceVersionDate "2021.10.24"]
[SourceQuality "1"]

1. e4 c5 2. Nf3 Nc6 3. Nc3 e5 4. Bc4 Be7 5. d3 d6 6. Bd2 Nf6 7. 0-0 0-0 8. Re1 Rb8 9. a4 a6 10. Nd5 Nxd5 11. Bxd5 Be6 12. c3 Qd7 13. Bxe6 fxe6 14. Bg5 Bxg5 15. Nxg5 h6 16. Nf3 Kh7 17. a5 Qc7 18. Qa4 Rxf3 19. gxf3 Rf8 20. Kg2 Rf4 21. Rg1 Qe7 22. Qc2 Qf7 23. Qe2 Ne7 24. Kh1 Rxf3 25. Rg2 g5 26. b3 Ng6 27. Rf1 Rf4 28. Rg3 Nh4 29. Qe3 g4 30. h3 h5 31. b4 cxb4 32. cxb4 Rf3 1/2-1/2

[Event "OP-2019-0-04898"]
[Site "LSS email"]
[Date "2019.12.21"]
[Round "?"]
[White "Feix, Torsten"]
[Black "Obukhov, Gennady Nikolaevich"]
[Result "1/2-1/2"]
[WhiteElo "1638"]
[BlackElo "1939"]
[PlyCount "48"]
[EventDate "2019.12.15"]
[EventType "tourn (corr)"]
[EventRounds "4"]
[EventCountry "GER"]
[SourceTitle "Corr 2022"]
[Source "ChessBase"]
[SourceDate "2021.10.24"]
[SourceVersion "1"]
[SourceVersionDate "2021.10.24"]
[SourceQuality "1"]

1. e4 e6 2. d4 d5 3. exd5 exd5 4. Nf3 Bd6 5. Bd3 Nf6 6. Qe2+ Be7 7. 0-0 0-0 8. Re1 Re8 9. Bg5 Be6 10. c4 dxc4 11. Bxc4 Bxc4 12. Qxc4 c6 13. Qb3 Na6 14. Bxf6 Bxf6 15. Rxe8+ Qxe8 16. Nc3 Rb8 17. Re1 Qd7 18. h3 Nc7 19. Ne5 Bxe5 20. Rxe5 b6 21. d5 cxd5 22. Nxd5 Nxd5 23. Qxd5 Qxd5 24. Rxd5 g6 1/2-1/2

[Event "OP-2019-0-04876"]
[Site "LSS email"]
[Date "2019.11.21"]
[Round "?"]
[White "Feix, Torsten"]
[Black "Firnhaber, Ingo"]
[Result "0-1"]
[WhiteElo "1400"]
[BlackElo "2371"]
[PlyCount "146"]
[EventDate "2019.11.10"]
[EventType "tourn (corr)"]
[EventRounds "4"]
[EventCountry "GER"]
[SourceTitle "Corr 2022"]
[Source "ChessBase"]
[SourceDate "2021.10.24"]
[SourceVersion "1"]
[SourceVersionDate "2021.10.24"]
[SourceQuality "1"]

1. d4 Nf6 2. Nf3 e6 3. c4 d5 4. Nc3 c6 5. e3 Nbd7 6. Qc2 Bd6 7. Bd3 0-0 8. 0-0 dxc4 9. Bxc4 b5 10. Bd3 Bb7 11. e4 e5 12. h3 a6 13. Bg5 c5 14. d5 c4 15. Be2 Bc5 16. a4 Qb6 17. Bh4 Bd4 18. Rad1 h6 19. Nd2 Rac8 20. Ra1 Rfe8 21. Kh1 g5 22. Bg3 Nc5 23. Bh2 Rb8 24. Rab1 Kg7 25. f3 Rbc8 26. Rbd1 Ncd7 27. Rc1 Rc5 28. Rfd1 Nh5 29. Bf1 Nf4 30. axb5 axb5 31. Ne2 Nxe2 32. Bxe2 Ra8 33. Nf1 Ra2 34. Rxd4 exd4 35. Bg1 d3 36. Bxd3 Qf6 37. Be2 Kg8 38. Ng3 Rc8 39. Qc3 Qxc3 40. bxc3 h5 41. Bf1 h4 42. Nf5 Rca8 43. Bd4 f6 44. Nd6 Ra1 45. Rxa1 Rxa1 46. Kg1 Ba6 47. Kf2 Ne5 48. Be2 Kg7 49. Ke3 Ra2 50. Nf5+ Kh7 51. Bf1 Ra3 52. d6 Bc8 53. Ne7 Be6 54. f4 gxf4+ 55. Kxf4 b4 56. cxb4 c3 57. Ke3 Ra1 58. Bxc3 Rxf1 59. Bxe5 fxe5 60. Nc6 Re1+ 61. Kf3 Rd1 62. Nxe5 Rxd6 63. Kf4 Kh6 64. Nf3 Kh5 65. g3 hxg3 66. Kxg3 Rd1 67. h4 Rb1 68. b5 Bc8 69. Ne5 Rxb5 70. Kf4 Kxh4 71. Ng6+ Kh5 72. Ne5 Bb7 73. Nd3 Rb3 0-1